Los asesinatos en la calle Morgue = Murders in the Rue Morgue /
Los miembros de una compañía teatral que escenifica Los crímenes de la calle Morge, son sucesiva y atrozmente asesinados; se atribuyen los crímenes a un antiguo componente del grupo que fuera dado por muerto y ahora se encuentra desfigurado.
Gorde:
| Egile nagusia: | |
|---|---|
| Beste egile batzuk: | , , , , , , , |
| Formatua: | |
| Hizkuntza: | ingelesa |
| Argitaratua: |
EUA :
American International Pictures,
1971, c1971
|
| Gaiak: | |
| Etiketak: |
Etiketarik gabe, Izan zaitez lehena erregistro honi etiketa jartzen!
|
MARC
| LEADER | 00000ngm^a2200000^a^4500 | ||
|---|---|---|---|
| 001 | 000051048 | ||
| 005 | 20250521000000.0 | ||
| 009 | 20260310090304.67 | ||
| 037 | |a Acervo ITESO - Biblioteca | ||
| 041 | |a ING | ||
| 082 | |a 810. |b HES | ||
| 100 | |a Hessler, Gordon |e (realización) | ||
| 240 | 1 | 1 | |a [Narraciones extraordinarias] |
| 240 | 1 | 4 | |a [Los crímenes de la calle Morgue] |
| 245 | 1 | 4 | |a Los asesinatos en la calle Morgue = |b Murders in the Rue Morgue / |c Realización de G. Hessler. |
| 264 | 4 | |a EUA : |b American International Pictures, |c 1971, c1971 | |
| 264 | 2 | |a México : |b Videovisa [distribución], |c fecha no identificada | |
| 300 | |a 1 videocasete VHS |c (86 min.) | ||
| 336 | |a imagen móvil bidimensional |b tdi |2 rdacontenido | ||
| 337 | |a video |b v |2 rdamedio | ||
| 338 | |a videocasete |b vf |2 rdasoporte | ||
| 500 | |a Basado en: Los crímenes de la calle Morgue, de Edgar Allan Poe | ||
| 520 | |a Los miembros de una compañía teatral que escenifica Los crímenes de la calle Morge, son sucesiva y atrozmente asesinados; se atribuyen los crímenes a un antiguo componente del grupo que fuera dado por muerto y ahora se encuentra desfigurado. | ||
| 546 | |a En inglés, con subtítulos en español | ||
| 649 | |a XX | ||
| 650 | |a Películas de Suspenso y Terror | ||
| 650 | |a Películas Policíacas | ||
| 650 | |a Cine Norteamericano - |y 1970-1979 | ||
| 650 | |a Cine Norteamericano - |y Siglo XX | ||
| 650 | |a Cine Independiente - |z EUA | ||
| 650 | |a Escritores Norteamericanos | ||
| 650 | |a Compañías Teatrales | ||
| 650 | |a Detectives | ||
| 650 | |a Adaptaciones para Cine | ||
| 650 | |a Cuentos Norteamericanos | ||
| 650 | |a Literatura y Cine | ||
| 650 | |a Literatura Norteamericana - |y Siglo XIX | ||
| 650 | |a Asesinato | ||
| 650 | |a Teatro en el Cine | ||
| 650 | |a Inglaterra en el Cine | ||
| 650 | |a Poe, Edgar Allan | ||
| 700 | |a Slesar, Henry |e (guión) | ||
| 700 | |a Wicking, Christopher |e (guión) | ||
| 700 | |a Berenguer, Manuel |e (fotógrafo) | ||
| 700 | |a Benedict, Max |e (montaje) | ||
| 700 | |a Ríos, Waldo de los |e (música) | ||
| 700 | |a Robards, Jason |e (actuación) | ||
| 700 | |a Lom, Herbert |e (actuación) | ||
| 700 | |a Kaufmann, Christine |e (actuación) | ||
| 910 | |a Fondo General | ||
| 920 | |a Audiovisuales - Videocasetes | ||
| 940 | |a Películas | ||
| 905 | |a 301 | ||
| 901 | |a 0500006161 |b IT2 |c VIS |u 20250521 | ||
| 902 | |a https://opac.biblio.iteso.mx/vufind/Record/000051048 | ||